|
|
|
|
| LEADER |
00000cam a2200000 a 4500 |
| 001 |
vtls008364996 |
| 003 |
SK-MaSNL |
| 005 |
20260301123403.0 |
| 008 |
220511s1924 xo 000 f slo |
| 015 |
|
|
|a SNBA19191938-000791
|
| 035 |
|
|
|a SK01SNKBSKHR20020057213
|
| 035 |
|
|
|a urn:nbn:sk:snk-am3hwuo
|
| 035 |
|
|
|a 3D31D93D-F6A2-4EF2-B720-17BDC119F098
|
| 035 |
|
|
|a urn:nbn:sk:snk-am00dbtq
|
| 035 |
|
|
|a SKM000059676
|
| 040 |
|
|
|a SNK
|b slo
|c SNK
|e AACR2
|
| 041 |
0 |
|
|a slo
|
| 044 |
|
|
|a xo
|c SK
|
| 080 |
|
|
|a 885.4-3
|2 1981
|
| 100 |
1 |
|
|a Bodnár, Július,
|d 1870-1935
|4 aut
|9 86006
|
| 245 |
1 |
0 |
|a Vzácny vianočný hosť
|c napísal Július Bodnár
|
| 250 |
|
|
|a [2. vyd.]
|
| 260 |
|
|
|a Myjava
|b Daniel Pažický
|c 1924
|e Myjava
|f Daniel Pažický
|
| 300 |
|
|
|a 14, [1] s.
|c 8°
|
| 655 |
|
7 |
|a slovenské poviedky
|2 SNKPH
|9 70226
|
| 954 |
|
|
|a beletria pôvodná (slovenská)
|2 lita
|
| 958 |
|
|
|a ONDV
|
| 958 |
|
|
|a RK
|
| 958 |
|
|
|a TL
|
| 999 |
|
|
|c 736014
|d 737944
|
| 952 |
|
|
|a SNK
|b SNK
|y VYP
|7 0
|p 17A0603388
|o snkSD 6292 D1
|i snkK 1894/74
|8 2
|0 0
|1 0
|4 0
|d 2008-11-07
|l 0
|r 2026-02-23 22:44:14
|w 2026-02-23
|
| 952 |
|
|
|a SNK
|b SNK
|y PREZ
|7 0
|p 17A0911187
|o snkSD 6292
|i snk4908/49
|0 0
|1 0
|4 0
|d 2019-01-28
|f 1
|l 0
|r 2025-11-14 00:00:00
|w 2026-02-23
|